Advances in applied microbiology. V 04 (Record no. 20997)

MARC details
000 -LEADER
fixed length control field 00401nam a2200145Ia 4500
082 ## - DEWEY DECIMAL CLASSIFICATION NUMBER
Classification number 579.6
Item number ADV.4
245 #0 - TITLE STATEMENT
Title Advances in applied microbiology. V 04
260 ## - PUBLICATION, DISTRIBUTION, ETC. (IMPRINT)
Place of publication New York
Name of publisher Academic
Year of publication 1962
650 ## - SUBJECT ADDED ENTRY--TOPICAL TERM
Topical Term Applied microbiology
650 ## - SUBJECT ADDED ENTRY--TOPICAL TERM
Topical Term Induced mutagenesis
650 ## - SUBJECT ADDED ENTRY--TOPICAL TERM
Topical Term Industrial bacterial viruses
650 ## - SUBJECT ADDED ENTRY--TOPICAL TERM
Topical Term Microorganisms
942 ## - ADDED ENTRY ELEMENTS (KOHA)
Koha item type Books
Holdings
Withdrawn status Lost status Damaged status Not for loan Home library Current library Date acquired Full call number Accession Number Koha item type
        RRII Library RRII Library 16/12/2021 579.6 ADV.4 01719 Books